01517nam a2200361 a 4500001001000000003000500010005001700015008004100032010001100073011001100084040000900095090001000104100004100114245017300155260004100328500006000369502010900429590004100538590004100579590004000620590004000660590004000700590004000740650004300780650004500823650004400868856007000912901000700982942001000989942000600999999001901005952013101024000115067CHAP20220329144512.0180924s2018 mx a sm |||||||spa d a111528 a112500 cCHAP aTesis1 aMartínez Moreno, Fernando.913588110aDetección de hongos de raíz y corona de fresa (Fragaria x ananassa Duch.) mediante digestión de fragmentos de ADN /h[En línea]cpor Fernando Martínez Moreno. aChapingo, Méx. :bEl autor,c2018. aPara ver el contenido del material haga clic en la liga aTesis (Ing. Agr. Esp. en Parasitología Agrícola) -- UACH. Departamento de Parasitología Agrícola aBATCH-UPDb10c20190603lUCH01h1249 aE11695DGDb10c20190603lUCH01h1248 aE8697GMMb05c20180924lUCH01h1342 aE8697GMMb05c20180925lUCH01h1005 aE8697GMMb05c20181130lUCH01h1043 aE8697GMMb05c20190515lUCH01h154714aFresaxEnfermedades por hongos.94320314aPlantasxEnfermedades por hongos.98883014aPudrición de la raízxFresa.992848 aFinding aiduhttp://10.13.5.2/tesis/sist115067.pdfzTeclea aquí aBK cTESIS n0 c111528d111528 00104054718TESISaBCbBCd2018-09-24fTESISl0oTesisp115076-10r2019-12-31 00:00:00w2019-12-31yTESISzRecien adquirido